MARC details
| 000 -CABECERA |
| campo de control de longitud fija |
01509nam a2200313 a 4500 |
| 001 - NÚMERO DE CONTROL |
| campo de control |
000012712 |
| 003 - IDENTIFICADOR DEL NÚMERO DE CONTROL |
| campo de control |
DO-SdBNP |
| 005 - FECHA Y HORA DE LA ÚLTIMA TRANSACCIÓN |
| campo de control |
20240530073931.0 |
| 007 - CAMPO FIJO DE DESCRIPCIÓN FÍSICA--INFORMACIÓN GENERAL |
| campo de control de longitud fija |
ta |
| 008 - DATOS DE LONGITUD FIJA--INFORMACIÓN GENERAL |
| campo de control de longitud fija |
091116t1996 dr a 001 e spa d |
| 040 ## - FUENTE DE LA CATALOGACIÓN |
| Centro catalogador/agencia de origen |
DO-SdBNP |
| Lengua de catalogación |
spa |
| Centro/agencia transcriptor |
BNPHU |
| 049 ## - FONDOS LOCALES (OCLC) |
| Fondos de biblioteca |
BNPD |
| 082 #4 - NÚMERO DE LA CLASIFICACIÓN DECIMAL DEWEY |
| Número de clasificación |
RD864.44 |
| Número de documento/Ítem |
R457t |
| Número de edición |
22 |
| 100 1# - ENTRADA PRINCIPAL--NOMBRE DE PERSONA |
| Nombre de persona |
Reyes Sánchez, Miguel, |
| Fechas asociadas al nombre |
1966- |
| 9 (RLIN) |
2285 |
| 245 10 - MENCIÓN DE TÍTULO |
| Título |
Travesías de un navegante / |
| Mención de responsabilidad, etc. |
Miguel Reyes Sánchez ; presentación Marcio Veloz Maggiolo ; edición Miguel A. Frómeta V ; ilustración Candido Bidó. |
| 260 ## - PUBLICACIÓN, DISTRIBUCIÓN, ETC. |
| Lugar de publicación, distribución, etc. |
Santo Domingo : |
| Nombre del editor, distribuidor, etc. |
Banco Central de la República Dominicana, |
| Fecha de publicación, distribución, etc. |
1996. |
| 300 ## - DESCRIPCIÓN FÍSICA |
| Extensión |
184 p. : |
| Otras características físicas |
ilustración ; |
| Dimensiones |
23 cm. |
| 500 ## - NOTA GENERAL |
| Nota general |
Incluye datos biográficos del autor en las solapas. |
| 500 ## - NOTA GENERAL |
| Nota general |
Incluye referencias bibliográficas y notas al pie de las páginas. |
| 505 0# - NOTA DE CONTENIDO CON FORMATO |
| Nota de contenido con formato |
A manera de presentación / |
| Mención de responsabilidad |
Marcio Veloz Maggiolo -- |
| Título |
I .- Por la conciencia de los hombres -- |
| -- |
Ilustración "Más allá del paraíso" / |
| Mención de responsabilidad |
Cándido Bidó -- |
| Título |
Prólogo de León David -- |
| -- |
II .- Por la conciencia de los pueblos -- |
| -- |
Ilustración "Constructores nocturnos" / |
| Mención de responsabilidad |
Cándido Bidó -- |
| Título |
Prólogo de José del Castillo. |
| 590 ## - NOTA LOCAL (RLIN) |
| Nota local |
Inventariado, 2023/BT |
| 650 #0 - PUNTO DE ACCESO ADICIONAL DE MATERIA--TÉRMINO DE MATERIA |
| Término de materia o nombre geográfico como elemento de entrada |
Ensayos dominicanos |
| 9 (RLIN) |
65 |
| 650 #0 - PUNTO DE ACCESO ADICIONAL DE MATERIA--TÉRMINO DE MATERIA |
| Término de materia o nombre geográfico como elemento de entrada |
Literatura dominicana. |
| 9 (RLIN) |
67 |
| 700 1# - PUNTO DE ACCESO ADICIONAL--NOMBRE DE PERSONA |
| Nombre de persona |
Frómeta V., Miguel A., |
| Término indicativo de función/relación |
edición |
| 9 (RLIN) |
29481 |
| 700 1# - PUNTO DE ACCESO ADICIONAL--NOMBRE DE PERSONA |
| Nombre de persona |
Veloz Maggiolo, Marcio, |
| Fechas asociadas al nombre |
1936-2021 |
| 9 (RLIN) |
1104 |
| 700 1# - PUNTO DE ACCESO ADICIONAL--NOMBRE DE PERSONA |
| Nombre de persona |
Bidó, Cándido, |
| Fechas asociadas al nombre |
1936-2011 |
| Término indicativo de función/relación |
ilustración |
| 9 (RLIN) |
29482 |
| 910 ## - DATOS DE OPCIÓN DEL USUARIO (OCLC) |
| Datos de opción del usuario |
Validado. Control de calidad EMS. |
| 942 ## - ELEMENTOS DE PUNTO DE ACCESO ADICIONAL (KOHA) |
| Fuente del sistema de clasificación o colocación |
Dewey Decimal Classification |
| Tipo de ítem Koha |
Libro |